[Event "EU-ch blitz"]
[Site "Katowice"]
[Date "2017.12.15"]
[Round "4"]
[White "Smierzchalski, Dawid"]
[Black "Brodowski, Piotr"]
[Result "0-1"]
[WhiteElo "2054"]
[BlackElo "2430"]
[PlyCount "84"]
[EventDate "2017.12.15"]
[EventType "swiss (blitz)"]
[EventRounds "22"]
[EventCountry "POL"]
[SourceTitle "CBM 182 Extra"]
[Source "ChessBase"]
[SourceDate "2018.02.23"]
[SourceVersion "1"]
[SourceVersionDate "2018.02.23"]
[SourceQuality "1"]

1. e4 g6 2. d4 Bg7 3. Nc3 c5 4. dxc5 Qa5 5. Bd2 Qxc5 6. Nf3 d6 7. Bb5+ Bd7 8. Bxd7+ Nxd7 9. 0-0 Ngf6 10. h3 0-0 11. a3 Qc8 12. Be3 Nc5 13. e5 dxe5 14. Nxe5 Nfe4 15. Nxe4 Nxe4 16. Nd3 Qf5 17. Qe2 b6 18. c3 Nd6 19. Rad1 Nc4 20. Bc1 Rac8 21. Kh1 Rfe8 22. f4 a5 23. Rfe1 b5 24. Qe4 Qxe4 25. Rxe4 Nd6 26. Re2 h5 27. Rde1 Kf8 28. g3 Nf5 29. Kg2 Red8 30. Ne5 Nd6 31. Nf3 e6 32. Ng5 Nc4 33. Ne4 Rd5 34. g4 hxg4 35. hxg4 Rcd8 36. Ng5 Rd1 37. f5 Rxe1 38. Rxe1 gxf5 39. gxf5 exf5 40. Kf3 Ne5+ 41. Kf4 Nd3+ 42. Kxf5 Nxe1 0-1

[Event "Zbaszyn-ch"]
[Site "Zbaszyn"]
[Date "2010.02.13"]
[Round "7.1"]
[White "Smierzchalski, Dawid"]
[Black "Drozdzynski, Daniel"]
[Result "1/2-1/2"]
[WhiteElo "2097"]
[BlackElo "1946"]
[PlyCount "44"]
[EventDate "2010.02.06"]
[EventType "tourn"]
[EventRounds "7"]
[EventCountry "POL"]
[SourceTitle "EXT 2023"]
[Source "ChessBase"]
[SourceDate "2022.10.05"]
[SourceVersion "1"]
[SourceVersionDate "2022.10.05"]
[SourceQuality "1"]

1. e4 c6 2. d4 d5 3. e5 e6 4. Nf3 c5 5. c3 Nc6 6. Be2 Bd7 7. 0-0 cxd4 8. cxd4 Nge7 9. Na3 a6 10. Nc2 Qb6 11. Be3 Nf5 12. Rb1 Rc8 13. g4 Nfe7 14. Qd2 h5 15. h3 hxg4 16. hxg4 Ng6 17. Kg2 Nb4 18. Nxb4 Bxb4 19. Qd1 Be7 20. Bd3 Bb5 21. Qe2 Bxd3 22. Qxd3 Kd7 1/2-1/2

[Event "Zbaszyn-ch"]
[Site "Zbaszyn"]
[Date "2010.02.07"]
[Round "4.3"]
[White "Gozdziewicz, Robert"]
[Black "Smierzchalski, Dawid"]
[Result "1/2-1/2"]
[WhiteElo "2008"]
[BlackElo "2097"]
[PlyCount "66"]
[EventDate "2010.02.06"]
[EventType "tourn"]
[EventRounds "7"]
[EventCountry "POL"]
[SourceTitle "EXT 2023"]
[Source "ChessBase"]
[SourceDate "2022.10.05"]
[SourceVersion "1"]
[SourceVersionDate "2022.10.05"]
[SourceQuality "1"]

1. e4 e6 2. d3 d5 3. Nd2 c5 4. Ngf3 Nc6 5. g3 Nf6 6. Bg2 Be7 7. 0-0 Qc7 8. Re1 0-0 9. Nf1 b5 10. e5 Nd7 11. Bf4 Re8 12. h4 Qb6 13. N1h2 Nf8 14. h5 c4 15. d4 b4 16. c3 a5 17. Qd2 a4 18. Bg5 Qd8 19. Bf4 a3 20. Rab1 bxc3 21. bxc3 Nd7 22. g4 Rf8 23. Ng5 Ra7 24. Nhf3 Re8 25. Qc2 Nf8 26. Qd2 Bd7 27. Kh2 Qa8 28. Kg3 Rb8 29. Qc2 Be8 30. Rh1 Rab7 31. Rxb7 Qxb7 32. Bc1 Qb1 33. Qd2 Qb5 1/2-1/2

[Event "POL-ch U18"]
[Site "Krynica"]
[Date "2003.??.??"]
[Round "9"]
[White "Smierzchalski, Dawid"]
[Black "Liberadzki, Slawomir"]
[Result "1/2-1/2"]
[WhiteElo "2000"]
[BlackElo "2075"]
[PlyCount "55"]
[EventDate "2003.??.??"]
[EventType "swiss"]
[EventRounds "11"]
[EventCountry "POL"]
[SourceTitle "EXT 2007"]
[Source "ChessBase"]
[SourceDate "2006.11.23"]
[SourceVersion "1"]
[SourceVersionDate "2006.11.23"]
[SourceQuality "1"]

1. e4 c5 2. Nf3 e6 3. Nc3 a6 4. d4 cxd4 5. Nxd4 Qc7 6. a3 Nf6 7. Be2 b5 8. Be3 Bb7 9. f3 d5 10. exd5 Nxd5 11. Nxd5 Bxd5 12. 0-0 Bd6 13. h3 0-0 14. f4 Nc6 15. Nxc6 Qxc6 16. Bf3 Bxf3 17. Rxf3 Rfd8 18. Qe2 Rac8 19. c3 Rd7 20. Rff1 Bc5 21. Bxc5 Qxc5+ 22. Kh1 Rcd8 23. Rad1 g6 24. Rxd7 Rxd7 25. Rd1 Rxd1+ 26. Qxd1 Qf2 27. Qc1 Qc5 28. Qd2 1/2-1/2